Catálogo
 En Linea

The syllable and stress : (Registro nro. 50213)

Detalles MARC
000 -CABECERA
campo de control de longitud fija 01170nam a22003257a 4500
003 - IDENTIFICADOR DEL NÚMERO DE CONTROL
campo de control DO-SdBNP
005 - FECHA Y HORA DE LA ÚLTIMA TRANSACCIÓN
campo de control 20220323115310.0
007 - CAMPO FIJO DE DESCRIPCIÓN FÍSICA--INFORMACIÓN GENERAL
campo de control de longitud fija ta
008 - DATOS DE LONGITUD FIJA--INFORMACIÓN GENERAL
campo de control de longitud fija 210817e2016 enga|||gr|||| 001 u eng d
020 ## - NÚMERO INTERNACIONAL ESTÁNDAR DEL LIBRO
Número Internacional Estándar del Libro 9781614517368
020 ## - NÚMERO INTERNACIONAL ESTÁNDAR DEL LIBRO
Número Internacional Estándar del Libro 9781614515975 (pdf)
020 ## - NÚMERO INTERNACIONAL ESTÁNDAR DEL LIBRO
Número Internacional Estándar del Libro 9781501500497 (epub)
040 ## - FUENTE DE LA CATALOGACIÓN
Centro catalogador/agencia de origen DO-SdBNP
Lengua de catalogación spa
Centro/agencia transcriptor BNPHU
041 ## - CÓDIGO DE LENGUA
Código de lengua original eng
082 ## - NÚMERO DE LA CLASIFICACIÓN DECIMAL DEWEY
Número de documento/Ítem S581a
245 10 - MENCIÓN DE TÍTULO
Título The syllable and stress :
Resto del título studies in honor of James W. Harris.
Mención de responsabilidad, etc. Editores, Rafael A. Núñez Cedeño, Norbert Corver, Harry Van del Hulst, Roumyana Pancheva
260 ## - PUBLICACIÓN, DISTRIBUCIÓN, ETC.
Lugar de publicación, distribución, etc. Boston :
Nombre del editor, distribuidor, etc. Walter de Gruyter,
Fecha de publicación, distribución, etc. 2016
300 ## - DESCRIPCIÓN FÍSICA
Extensión xvii, 340 p. :
Otras características físicas il. ;
Dimensiones 24 cm.
490 ## - MENCIÓN DE SERIE
Mención de serie Studies in Generatives Grammar ;
Designación de volumen o secuencia 126
500 ## - NOTA GENERAL
Nota general Incluye nota y bibliografía al pié de páginas.
504 ## - NOTA DE BIBLIOGRAFÍA, ETC.
Nota de bibliografía, etc. Bibliografía, p. 333- 340
590 ## - NOTA LOCAL (RLIN)
Nota local Inventariado 2021 / MF
650 #4 - PUNTO DE ACCESO ADICIONAL DE MATERIA--TÉRMINO DE MATERIA
9 (RLIN) 72966
Término de materia o nombre geográfico como elemento de entrada Lengua Española
Subdivisión general Fonología
700 1# - PUNTO DE ACCESO ADICIONAL--NOMBRE DE PERSONA
Nombre de persona Núñez Cedeño, Rafael A.
9 (RLIN) 79469
Código de función/relación ed.
700 1# - PUNTO DE ACCESO ADICIONAL--NOMBRE DE PERSONA
Nombre de persona Cover, Norbert,
Código de función/relación ed.
9 (RLIN) 81357
700 1# - PUNTO DE ACCESO ADICIONAL--NOMBRE DE PERSONA
Nombre de persona Van der Hulst, Harry,
Código de función/relación ed.
9 (RLIN) 81358
700 1# - PUNTO DE ACCESO ADICIONAL--NOMBRE DE PERSONA
Nombre de persona Pancheva, Roumyana
Código de función/relación ed.
9 (RLIN) 81359
830 ## - PUNTO DE ACCESO ADICIONAL DE SERIE-TÍTULO UNIFORME
Título uniforme Studies in Generatives Grammar;
Lenguaje de la obra eng
Número de parte o sección de la obra 126
9 (RLIN) 79470
942 ## - ELEMENTOS DE PUNTO DE ACCESO ADICIONAL (KOHA)
Fuente del sistema de clasificación o colocación Dewey Decimal Classification
Tipo de ítem Koha Libro
Existencias
Estado de retiro Estado de pérdida Fuente del sistema de clasificación o colocación Restricciones de uso No para préstamo Código de colección Localización permanente Ubicación/localización actual Ubicación en estantería Fecha de adquisición Fuente de adquisición Total de préstamos Signatura topográfica completa Código de barras Fecha visto por última vez Precio válido a partir de Tipo de ítem Koha Nota pública
    Dewey Decimal Classification Préstamo en sala   General Biblioteca Nacional Pedro Henríquez Ureña Biblioteca Nacional Pedro Henríquez Ureña Depósito 02.05.2017 Depósito legal   S581a 2021-25452 17.08.2021 17.08.2021 Libro Libro autografiado

Con tecnología Koha